<?xml version="1.0" encoding="UTF-8"?>
<marc:record xmlns:marc="http://www.loc.gov/MARC21/slim">
   <marc:leader>00000nam a2200000 a 4500</marc:leader>
   <marc:datafield ind1="1" ind2=" " tag="100">
      <marc:subfield code="a">Arendt, Judith</marc:subfield>
      <marc:subfield code="4">aut</marc:subfield>
      <marc:subfield code="e">Verfasser/-in</marc:subfield>
   </marc:datafield>
   <marc:datafield ind1="0" ind2="0" tag="245">
      <marc:subfield code="a">Helle und der Tote im Tivoli</marc:subfield>
   </marc:datafield>
   <marc:datafield ind1="0" ind2="0" tag="245">
      <marc:subfield code="b">Der erste Fall für Komissarin Jespers</marc:subfield>
   </marc:datafield>
   <marc:datafield ind1=" " ind2="1" tag="264">
      <marc:subfield code="b">Atlantik</marc:subfield>
      <marc:subfield code="c">2018</marc:subfield>
   </marc:datafield>
   <marc:datafield ind1="1" ind2=" " tag="490">
      <marc:subfield code="a">Jütland Krimi</marc:subfield>
   </marc:datafield>
   <marc:datafield ind1="1" ind2=" " tag="520">
      <marc:subfield code="a">Ein Haus in den Dünen von Skagen, ein Ehemann, der sie kulinarisch verwöhnt und eine familiäre Polizeistation - für Helle Jespers könnte das Leben kaum behaglicher sein. Bis ein brutaler Mord ihre kleine Gemeinde erschüttert. Der ehemalige Gymnasialdirektor wird mitten in der Hauptstadt Kopenhagen, im weltberühmten Vergnügungspark Tivoli, ermordet aufgefunden. Helle ist sich sicher, dass die Spur zurück nach Skagen führt, doch sie ahnt nicht, wie nah der Täter ihr ist.</marc:subfield>
   </marc:datafield>
   <marc:datafield ind1=" " ind2=" " tag="020">
      <marc:subfield code="a">9783455002713</marc:subfield>
      <marc:subfield code="9">9783455002713</marc:subfield>
   </marc:datafield>
</marc:record>
